Insan aur Devta\ (Record no. 33099)
[ view plain ]
| 000 -LEADER | |
|---|---|
| fixed length control field | 00458nam a22001817a 4500 |
| 003 - CONTROL NUMBER IDENTIFIER | |
| control field | NUST |
| 038 ## - RECORD CONTENT LICENSOR | |
| Staff Name | Muzammil Bagri |
| 082 ## - DEWEY DECIMAL CLASSIFICATION NUMBER | |
| Classification number | 891.4392 |
| Author Mark | NAS |
| 100 ## - MAIN ENTRY--PERSONAL NAME | |
| Personal name | Naseem hijazi |
| 9 (RLIN) | 88889 |
| 245 ## - TITLE STATEMENT | |
| Title | Insan aur Devta\ |
| Statement of responsibility, etc. | Naseem hijazi |
| 260 ## - PUBLICATION, DISTRIBUTION, ETC. | |
| Place of publication, distribution, etc. | Lahore |
| Name of publisher, distributor, etc. | Jahangir |
| Date of publication, distribution, etc. | 2003. |
| 300 ## - PHYSICAL DESCRIPTION | |
| Extent | 407p. ; |
| Other physical details | 23cm |
| 500 ## - GENERAL NOTE | |
| General note | Hardcover. |
| 563 ## - BINDING INFORMATION | |
| Binding note | Hard cover |
| 880 ## - ALTERNATE GRAPHIC REPRESENTATION | |
| Linkage | 100 |
| Title | نسیم حجازی |
| 880 ## - ALTERNATE GRAPHIC REPRESENTATION | |
| Linkage | 245 |
| Title | انسان اور دیوتا |
| 942 ## - ADDED ENTRY ELEMENTS (KOHA) | |
| Koha item type | Book |
| Source of classification or shelving scheme | |
| Withdrawn status | Lost status | Source of classification or shelving scheme | Damaged status | Not for loan | Permanent Location | Current Location | Shelving location | Date acquired | Total Checkouts | Full call number | Barcode | Date last seen | Date last checked out | Price effective from | Koha item type |
|---|---|---|---|---|---|---|---|---|---|---|---|---|---|---|---|
| School of Mechanical & Manufacturing Engineering (SMME) | School of Mechanical & Manufacturing Engineering (SMME) | General Stacks | 12/28/2015 | 1 | 891.4393 NAS | SMME-2175 | 05/24/2024 | 05/10/2024 | 12/28/2015 | Book |
